000 00307 a2200109 4500
020 _a9812430458
082 _a624.15136 WIN
100 _aWin, Bo Myint
245 _aReclamation and Ground Improvement/
_cM. W. Bo, V. Choa
260 _aAustralia :
_bThomson,
_c2004
300 _axiv, 411p. :
_bill. ;
_c25 cm
650 _aGround Improvement
999 _c1140
_d1140